书目信息 |
| 题名: |
秦时明月汉时关
|
|
| 作者: | 任愿 著 | |
| 分册: | ||
| 出版信息: | 北京 新世界出版社 2008.07 |
|
| 页数: | 308页 | |
| 开本: | 25cm | |
| 丛书名: | ||
| 单 册: | ||
| 中图分类: | K232.09 | |
| 科图分类: | ||
| 主题词: | 秦汉时代--qin han shi dai--历史--通俗读物 | |
| 电子资源: | ||
| ISBN: | 978-7-80228-743-3 | |
| 000 | 00767nam0 2200229 450 | |
| 001 | 012009984437 | |
| 005 | 20091028113036.49 | |
| 010 | @a978-7-80228-743-3@dCNY39.00 | |
| 100 | @a20091028d2008 em y0chiy0120 ea | |
| 101 | 0 | @achi |
| 102 | @aCN@b110000 | |
| 105 | @ay z 000yy | |
| 106 | @ar | |
| 200 | 1 | @a秦时明月汉时关@Aqin shi ming yue han shi guan@f任愿著@Fren yuan zhu |
| 210 | @a北京@c新世界出版社@d2008.07 | |
| 215 | @a308页@d25cm | |
| 330 | @a这是一部评书式的历史,讲述秦汉更替,如同火焰般灼热的七年。这是中国历史上最重要的七年,无数风流人物,演绎着慷慨悲壮的年代。 | |
| 606 | 0 | @a秦汉时代@Aqin han shi dai@x历史@j通俗读物 |
| 690 | @aK232.09@v4 | |
| 701 | 0 | @a任愿@Aren yuan@4著 |
| 801 | 0 | @aCN@bQSSK@c20091028 |
| 905 | @b764787-89@dK232.09@eR575@f3 | |
| 秦时明月汉时关/任愿著.-北京:新世界出版社,2008.07 |
| 308页;25cm |
| ISBN 978-7-80228-743-3:CNY39.00 |
| 这是一部评书式的历史,讲述秦汉更替,如同火焰般灼热的七年。这是中国历史上最重要的七年,无数风流人物,演绎着慷慨悲壮的年代。 |
| ● |
| 相关链接 |
|
|
|
正题名:秦时明月汉时关
索取号:K232.09/R575
 
预约/预借
| 序号 | 登录号 | 条形码 | 馆藏地/架位号 | 状态 | 备注 |
| 1 | 764787 | 207647876 | 社科库309/309社科库 33排2列6层/ [索取号:K232.09/R575] | 在馆 | |
| 2 | 764788 | 207647885 | 社科库309/309社科库 33排2列6层/ [索取号:K232.09/R575] | 在馆 | |
| 3 | 764789 | 207647894 | 社科库309/309社科库 33排2列6层/ [索取号:K232.09/R575] | 在馆 |